000 00596cam a22002171 4500
001 ne 62000970
003 DLC
005 20260227111736.0
008 900612s1961 ua 000 1 ararc
010 _ane 62000970
025 _aPL480:UAR-15
035 _a(OCoLC)21793540
040 _aPrinceton Univ. Libr.
_cWaU
_dDLC
042 _apremarc
050 0 0 _aPJ7862.H25
_bS4
100 1 _aSharīf, Ṭāhir.
245 1 0 _aShumūʻ wa-ẓilāl,
_cbi-qalam Ṭāhir Sharīf.
260 _aal-Qāhirah,
_bMuʼassasat al-Khānjī,
_c1961.
300 _a212 p.
_c19 cm.
500 _aShort stories.
999 _c45167
_d45167